000 01203nam a22003377a 4500
003 CHAP
005 20220329134355.0
008 971013s1981 r 00010 d
010 _a19543
011 _a20515
035 _a24603
040 _cCHAP
082 _a631.7
_bA52
110 _aAmerican Society of Agricultural Engineers
_95291
245 _aIrrigation scheduling for water & energy conservation in the 80'S; the proceedings of the Irrigation Schedu ling Conference...
260 _aSt. Joseph, Michigan :
_bASAE,
_c1981
300 _a231 p.
_b: ilus. ; gráfs
490 _aASAE publication
_v; 23-81
590 _aBATCH-UPD
_b10
_c20130110
_lUCH01
_h1108
590 _aBATCH-UPD
_b10
_c20130410
_lUCH01
_h0659
590 _aBATCH-UPD
_b10
_c20130914
_lUCH01
_h0432
590 _aCONVERSION
_b10
_c20130109
_lUCH01
_h1312
650 1 4 _aAgua
_xConservacion.
_92319
650 1 4 _aCalendario para irrigación.
_917464
650 1 4 _aIrrigación.
_960366
830 0 _aASAE publication
_v; 23-81
_97836
901 _aBK
942 _cLIBRO
949 _a631.7 A52
_bBC
_cLIBRO
_d33724000164240
_eLIBRO
_h62565
_i24603
_si
949 _a631.7 A52
_bBC
_cLIBRO
_d33724000164257
_eLIBRO
_fc.2
_h630824
_i24603
_si
999 _c19543
_d19543